| 000 | 00838nam a2200229 a 4500 | ||
|---|---|---|---|
| 001 | 39249 | ||
| 003 | BD-RjUL | ||
| 005 | 20211209052942.0 | ||
| 008 | 160406m20132005bg ||||e |||| 00| 0 ben d | ||
| 020 | _ctk. 160.00 | ||
| 035 | _a(BD-RjUL)39361 | ||
| 040 |
_aBD-RjUL _bben _cBD-RjUL |
||
| 041 | _aben | ||
| 082 |
_223 _a320.95492 _bUMB 2003 |
||
| 100 |
_aউমর, বদরুদ্দীন _9116667 |
||
| 245 |
_aবাঙলাদেশে সংসদীয় গণতন্ত্র / _cবদরুদ্দীন উমর |
||
| 260 |
_aঢাকা : _bসাহিত্যিকা, _c২০০৩. |
||
| 300 |
_a২২৪ পৃ. ; _c২১সেমি. |
||
| 650 |
_aরাজনীতি ও সরকার _zবাংলাদেশ _9121023 |
||
| 650 |
_aPolitics and government _zBangladesh _9121024 |
||
| 942 |
_2ddc _cBK |
||
| 999 |
_c39249 _d39249 |
||